000 00837nam a22002177a 4500
999 _c8131
_d8131
003 AR-CdUCM
008 190322b ||||| |||| 00| 0 spa d
040 _aMUNICIPALIDAD PROVINCIAL DEL CUSCO
_cBIBLIOTECA MUNICIPAL DEL CUSCO
041 _hrus
082 _a512.7 /
_bM26
100 _aMarkushevich, A.
_922957
245 _aTeoría de Las Funciones Analíticas /
260 _aMoscú :
_bMir ;
_c1970.
300 _a646 páginas ;
_bFórmulas, diagramas
_c22cm
505 _aContenido: Funciones por polinomios -- Significado de las funciones analíticas en la hidromecánica -- Funciones enteras y meromorfas -- Concepto de superficie de Riemann
650 _aMatemáticas
_99398
650 _aFunciones analíticas
_922958
700 _aAparicio Bernardo, Emilino (traducción)
_922959
942 _2ddc
_cLIBROS
945 _anom